Catálogo

Dignidad y humanismo en contexto : (Registro nro. 42681)

Detalles MARC
000 -LEADER
fixed length control field 00877cam a2200241 i 4500
001 - CONTROL NUMBER
control field 42681
003 - CONTROL NUMBER IDENTIFIER
control field Mx-PuUPA
005 - DATE AND TIME OF LATEST TRANSACTION
control field 20260513113220.0
008 - FIXED-LENGTH DATA ELEMENTS--GENERAL INFORMATION
fixed length control field 140415s2025 mx gr 000 0 spa d
020 ## - INTERNATIONAL STANDARD BOOK NUMBER
International Standard Book Number 9786078986705
040 ## - CATALOGING SOURCE
Transcribing agency Mx-PuUPA
041 ## - LANGUAGE CODE
Language code of text/sound track or separate title spa
082 04 - DEWEY DECIMAL CLASSIFICATION NUMBER
Classification number xx
Item number xx
Edition number 23
245 ## - TITLE STATEMENT
Title Dignidad y humanismo en contexto :
Remainder of title ensayos críticos /
Statement of responsibility, etc. Roberto Casales García, María Elizabeth Aquino Rápalo, Manuel Alejandro Gutiérrez González, editores
250 ## - EDITION STATEMENT
Edition statement Primera edición
264 #1 - PRODUCTION, PUBLICATION, DISTRIBUTION, MANUFACTURE, AND COPYRIGHT NOTICE
Place of production, publication, distribution, manufacture Ciudad de México :
Name of producer, publisher, distributor, manufacturer LAMBDA Editorial,
Date of production, publication, distribution, manufacture, or copyright notice 2026
300 ## - PHYSICAL DESCRIPTION
Extent 322 páginas ;
Dimensions 21 cm
700 ## - ADDED ENTRY--PERSONAL NAME
Personal name Casales García, Roberto,
Relator term editor
9 (RLIN) 5464
700 ## - ADDED ENTRY--PERSONAL NAME
Personal name Aquino Rápalo, María Elizabeth,
Relator term editor
700 ## - ADDED ENTRY--PERSONAL NAME
Personal name Gutiérrez González, Manuel Alejandro,
Relator term editor
942 ## - ADDED ENTRY ELEMENTS (KOHA)
Source of classification or shelving scheme Dewey Decimal Classification
Koha item type Libro
Classification part xx
Item part xx
Existencias
Withdrawn status Lost status Source of classification or shelving scheme Damaged status Not for loan Collection code Home library Current library Shelving location Date acquired Source of acquisition Total Checkouts Full call number Barcode Price effective from Koha item type
    Dewey Decimal Classification   En catalogación General Biblioteca Karol Wojtyla Biblioteca Karol Wojtyla Procesos técnicos 03/12/2013 Donación   xx 64075 03/12/2013 Libro